000 00452nam a22001697a 4500
005 20250414161351.0
008 250411b |||||||| |||| 00| 0 eng d
020 _a978-93-88812-90-0
041 _aeng
082 _a631.58 WAL-F
100 _aWALIA, DR.S.S AND WALIA, DR.V.S
_98616
245 _aFARMING SYSTEM AND SUSTAINABLE AGRICULTURE
260 _aJODHPUR
_bSCIENTIFIC PUBLISHERS
300 _a336; P
650 _aAGRICULTURE
942 _cBK
999 _c8751
_d8749